Il lungo viaggio della cicogna... (Record n. 209963)

Dettagli MARC
000 -LEADER
campo di controllo lung. fissa 01143nam a2200229Ia 4500
001 - Numero di controllo
campo di controllo b7022-50919
003 - Identificatore del numero di controllo
campo di controllo IT-MiCISF
005 - Data e orario dell'ultima transazione
campo di controllo 20230307113537.0
008 - Elementi di lunghezza fissa--Informazione generale
campo di controllo lung. fissa 161014s9999||||xx |||||||||||||| ||und||
040 ## - Fonte della catalogazione
Agenzia catalografica originale IT-MiCISF
Agenzia che fa la trascrizione IT-MiCISF
041 ## - Codice di lingua
Codice di lingua del testo/traccia sonora o titolo separato it
100 ## - Accesso principale -- nome di persona
Nome di persona Crosignani Pier Giorgio
9 (RLIN) 59615
245 #0 - Formulazione del titolo
Titolo Il lungo viaggio della cicogna...
260 ## - Pubblicazione, distribuzione, ecc. (stampa)
Luogo di pubblicazione, distribuzione, ecc. Milano,
Nome dell'editore, distributore, ecc. Franco Angeli,
Data di pubblicazione, distribuzione, ecc. 2012
300 ## - Descrizione fisica
Estensione pp. 139
500 ## - Nota generale
Nota generale / procreazione, fecondità, fertilità, sterilità, procreazione-artificiale /
520 ## - Riassunto, ecc.
Nota di riassunto, ecc. Il volume evidenzia la complessità della procreazione, descrivendone vari aspetti: i meccanismi della riproduzione umana, la fertilità e i suoi elementi costitutivi; la procreazione e le principali cause della mancanza di ovulazione; gli elementi che possono minare la probabilità del concepimento, quali una nutrizione non equilibrata, lo stress, il sovrappeso, l'aumento dell'età di inizio della prima gravidanza (tendenza quest'ultima sempre più diffusa); i principali metodi di cura dell'infertilità.
650 ## - Accesso aggiunto di soggetto--termine topico
Termine topico o nome geografico come accesso procreazione
Termine di ruolo 004
9 (RLIN) 56309
654 ## - Accesso aggiunto di soggetto--termini topici faccettati
Termine principale saggio
942 ## - Dati aggiuntivi (Koha)
Tipo copia default (Koha) LIBRO
Fonte della classificazione o dello schema di collocazione (segnatura) Dewey Decimal Classification
999 ## - Sys Number locale (Koha)
Koha Dewey Subclass [OBSOLETE] si
Dati di copia
Ritirato (status) Perso (status) Danneggiato (status) Non per il presito Biblioteca proprietaria Biblioteca in cui si trova Data d'acquisizione Totale prestiti Collocazione Data ultima operazione Prezzo in vigore dal Tipo copia default (Koha) Nota pubblica
    Buone Condizioni Not For Loan CISF - Milano CISF - Milano 14/10/2016   b7022-50919 14/10/2016 14/10/2016 LIBRO Data import 15.10.2016 / by Epidotti, Vaglietti
CREDITS: SOCIETA' SAN PAOLO Via A.Severo, 58 - ROMA (RM) & PERIODICI SAN PAOLO SRL Via Giotto, 36 MILANO & CISF Via Giotto, 36 MILANO & EDIZIONI SAN PAOLO SRL,  Piazza Soncino, 5 CINISELLO BALSAMO (MI) -- ITALY